| 000 | 00758nam a22002057a 4500 | ||
|---|---|---|---|
| 008 | 090422t xxu||||| |||| 00| 0 eng d | ||
| 010 | _aENG-92723 | ||
| 020 | _c30.00 | ||
| 035 | _aEN-76256 | ||
| 037 | _bDBAD / PUB | ||
| 040 |
_adpl _bEnglish |
||
| 082 | _a342.5408772 | ||
| 100 | _aLeelavathi Chari | ||
| 245 |
_aRights of child: _badopton, wills / _cby Leelavathi Chari |
||
| 260 |
_aDharwad _bJagrut Bharat _c2008 |
||
| 270 |
_aIst Cross, Sadhanakeri _bDharwad _e580008 |
||
| 300 |
_avii, 70p. _c20cm (pbk) |
||
| 942 |
_2ddc _cEN _h342.5408772 _mLEE |
||
| 999 |
_c25838 _d25838 |
||